000 00591nam a2200193Ia 4500
008 240729s9999 xx 000 0 und d
022 _a2454-8316
245 0 _aIndian Journal of Social Psychiatry
260 _aIndia
260 _bWolters Kluwer Medknow Publications
650 _a Internal medicine
650 _a Neurology. Diseases of the nervous system
650 _a Neurosciences. Biological psychiatry. Neuropsychiatry
650 _a Psychiatry
650 _aMedicine
856 _uhttps://doaj.org/toc/b7166e6399ef4df4ae7756d2c8f42592
942 _2ddc
942 _cDOAJEJ
999 _c70190
_d70190
945 _a1
_bMadushi Gamage
_c1
_dMadushi Gamage